000 00345nam a2200145Ia 4500
005 20251223000720.0
008 251222s9999||||xx |||||||||||||| ||spa||
020 _a9786124030048
082 _a985.02/W55/Ej.2
100 _aWiesse, Ricardo
245 0 _aPlumas del Antisuyo:
250 _a1ra.ed.
264 _bFondos Ed. UCSS
942 _cLIB
999 _c41613
_d41613